Normal view
MARC view
- Frandon.J
Entry Personal Name
001 - CONTROL NUMBER
- control field: 2738
003 - CONTROL NUMBER IDENTIFIER
- control field: OSt
005 - DATE AND TIME OF LATEST TRANSACTION
- control field: 20170202123953.0
008 - FIXED-LENGTH DATA ELEMENTS
- fixed length control field: 170202|| aca||aabn | a|a d
040 ## - CATALOGING SOURCE
- Original cataloging agency: OSt
100 ## - HEADING--PERSONAL NAME
- Personal name: Frandon.J